LEADER 05221nam 2200649 a 450 001 9910777045903321 005 20200520144314.0 010 $a1-280-35246-9 010 $a9786610352463 010 $a0-7645-5996-6 035 $a(CKB)1000000000412532 035 $a(EBL)469003 035 $a(OCoLC)55040766 035 $a(SSID)ssj0000356879 035 $a(PQKBManifestationID)11266663 035 $a(PQKBTitleCode)TC0000356879 035 $a(PQKBWorkID)10352294 035 $a(PQKB)10064644 035 $a(Au-PeEL)EBL469003 035 $a(CaPaEBR)ebr10304242 035 $a(CaONFJC)MIL35246 035 $a(MiAaPQ)EBC469003 035 $a(EXLCZ)991000000000412532 100 $a20040407d2004 uy 0 101 0 $aeng 135 $aur|n|---||||| 181 $ctxt 182 $cc 183 $acr 200 10$aAudel machine shop basics$b[electronic resource] /$fRex Miller, Mark Richard Miller 205 $aAll new 5th ed. 210 $aIndianapolis, Ind. $cJohn Wiley$d2004 215 $a1 online resource (338 p.) 225 1 $aThe Audel machinist's library 300 $aDescription based upon print version of record. 311 $a0-7645-5526-X 327 $aAudel Machine Shop Basics All New 5th Edition; Contents; Acknowledgments; About the Authors; Introduction; Chapter 1: Benchwork; The Bench and Bench Tools; Vises; Hammers; Chisels; Flat Chisel; Hacksaws; Files; Scrapers; Summary; Review Questions; Chapter 2: Precision Measurement and Gaging; Micrometer Calipers; Vernier Micrometer Calipers; Vernier Calipers; Bevel Protractors; Dial Indicators; Gages; Effects of Temperature and Weight on Precision Tools; Electronic Caliper Depth Gages; Electronic Digital Micrometer; Summary; Review Questions; Chapter 3: Materials; Properties; Metals; Nonmetals 327 $aTests of MaterialsSummary; Review Questions; Chapter 4: Abrasives; Structure of Abrasives; Composition of Abrasives; Use of Abrasives in Grinding Wheels; Summary; Review Questions; Chapter 5: Grinding; Manufacture of Grinding Wheels; Bond Types in Grinding Wheels; Grinding Wheel Markings; Factors Affecting Grinding Wheel Selection; Summary; Review Questions; Chapter 6: Cutting Fluids; Coolant; Lubricants; Application of Cutting Fluids; Types of Cutting Fluids; Solid Lubricants; Summary; Review Questions; Chapter 7: Cutting Tools; Action of Cutting Tools; Materials 327 $aShapes and Uses of Cutting ToolsTerms Related to Cutting Tools; Cutting Tool Angles; High-Speed Steel Lathe Tools; Summary; Review Questions; Chapter 8: Cutter and Tool Grinders; Importance of Tool Sharpening; Cutter and Tool Sharpening; Summary; Review Questions; Chapter 9: Drills; Drill Standards; Twist Drill Terminology; Types of Drills; Drill-Bit Point Design; Special-Purpose Drills; Socket and Sleeve; Using the Twist Drill; Speeds and Feeds; Clearance Drills; Drill Problems and Causes; Summary; Review Questions; Chapter 10: Reamers; Types of Reamers; Use and Care of Reamers; Summary 327 $aReview QuestionsChapter 11: Taps; Types of Taps; Tap Selection; Classes of Thread; Summary; Review Questions; Chapter 12: Threading Dies; Types of Dies; Use of Dies to Cut Threads; Summary; Review Questions; Chapter 13: Milling-Machine Cutters; Milling Operation; Classification of Milling Cutters; General Types of Milling Cutters; Care of Milling Cutters; Speeds and Feeds; Summary; Review Questions; Chapter 14: Milling-Machine Arbors, Collets, and Adapters; Arbors; Collets; Adapters; Summary; Review Questions; Chapter 15: Broaches and Broaching; Broaching Principle; Types of Broaches 327 $aShapes of BroachesInternal and External Broaches; Pull or Push Broaches; Care and Sharpening of Broaches; Broaching Machines; Broaching Operations; Summary; Review Questions; Chapter 16: Electrical Safety in the Machine Shop; Power Sources; Motor Problems; Drum Switches; Safety in the Shop; Fire Extinguishers; Summary; Review Questions; Appendix: Reference Materials; Miscellaneous Useful Facts; Metric Conversions; Water Factors; Weights of Steel and Brass Bars; Index 330 $aUse the right tool the right wayHere, fully updated to include new machines and electronic/digital controls, is the ultimate guide to basic machine shop equipment and how to use it. Whether you're a professional machinist, an apprentice, a trade student, or a handy homeowner, this fully illustrated volume helps you define tools and use them properly and safely. It's packed with review questions for students, and loaded with answers you need on the job.Mark Richard Miller is a Professor and Chairman of the Industrial Technology Department at Texas A&M University in Kingsville, T 410 0$aAudel machinist's library. 606 $aMachine-shop practice$vHandbooks, manuals, etc 606 $aMachine-tools$vHandbooks, manuals, etc 615 0$aMachine-shop practice 615 0$aMachine-tools 676 $a621.902 700 $aMiller$b Rex$f1929-$01511545 701 $aMiller$b Mark R$0145066 801 0$bMiAaPQ 801 1$bMiAaPQ 801 2$bMiAaPQ 906 $aBOOK 912 $a9910777045903321 996 $aAudel machine shop basics$93806091 997 $aUNINA LEADER 05213nam 22008055 450 001 9910299472503321 005 20200706071449.0 010 $a9783319044293 010 $a3-319-04429-X 024 7 $a10.1007/978-3-319-04429-3 035 $a(CKB)3710000000089142 035 $a(EBL)1782158 035 $a(OCoLC)872391447 035 $a(SSID)ssj0001186858 035 $a(PQKBManifestationID)11643407 035 $a(PQKBTitleCode)TC0001186858 035 $a(PQKBWorkID)11240699 035 $a(PQKB)10386897 035 $a(MiAaPQ)EBC1782158 035 $a(DE-He213)978-3-319-04429-3 035 $a(PPN)176751130 035 $a(EXLCZ)993710000000089142 100 $a20140228d2014 u| 0 101 0 $aeng 135 $aur|n|---||||| 181 $ctxt 182 $cc 183 $acr 200 10$aConstruction Dispute Research $eConceptualisation, Avoidance and Resolution /$fedited by Sai On Cheung 205 $a1st ed. 2014. 210 1$aCham :$cSpringer International Publishing :$cImprint: Springer,$d2014. 215 $a1 online resource (408 p.) 300 $aDescription based upon print version of record. 311 $a3-319-04428-1 320 $aIncludes bibliographical references at the end of each chapters. 327 $aConstruction Contracts -- Contracting: Minefield of Construction Disputes -- Analyzing Construction Dispute -- Negotiating Construction Dispute -- Mediation as a Form of Assisted Negotiation. 330 $aThere are three specific purposes of Construction Dispute Research. First, this volume aims to summarise studies on construction dispute. Second, apart from the theoretical constructs, where appropriate empirical tests are also included. This approach serves to go beyond the commonly used anecdotal approach for the subject matters. Third, it is the sincere hope of the authors that this book will help shaping research agenda of construction dispute.  The studies are mostly framed from a management perspective drawing on methods and concepts in contract law, economics, psychology and management science.   The book has twenty chapters that are arranged in four parts covering conceptualisation, avoidance, negotiation and mediation. Part 1 is devoted for dispute conceptualisation. A building is only as strong as its foundation. Thus it is no better start to study construction dispute by conceptualisation. The theme of Part 2 is dispute avoidance. The conventional wisdom of ?prevention is better than cure? seems can be applied to all problems. As far as construction dispute is concerned, equitable risk allocation and trust are the two most commonly accepted avoidance strategies. Part 3 focuses on negotiation that is the gateway to resolution as almost all disputes are negotiated first before the service of other mechanisms. Negotiation is sometimes described as an art because settlement may not be obtained solely from legal and rational approaches. Part 3 discusses the behavioral dimensions of construction dispute negotiation. Part 4 deals with Mediation- a form of assisted negotiation. Specially, the skill of the mediators in facilitating settlement, the interrelationships among dispute sources, mediator tactics and mediation outcomes are explored.   The studies presented in Construction Dispute Research collectively demonstrate holistic approach in dispute management. Each chapter can be read as a study on its own. Practitioners will find the book a handy reference in dispute management and resolution. Students would find the book useful in explaining in details the causes of dispute, the processes to resolve them. The research design and empirical approaches are particularly useful to students in construction management, architectural, surveying and civil engineering programs. 606 $aBuildings?Design and construction 606 $aBuilding 606 $aConstruction 606 $aEngineering, Architectural 606 $aEngineering geology 606 $aEngineering?Geology 606 $aFoundations 606 $aHydraulics 606 $aBuilding laws 606 $aBuilding Construction and Design$3https://scigraph.springernature.com/ontologies/product-market-codes/T23012 606 $aGeoengineering, Foundations, Hydraulics$3https://scigraph.springernature.com/ontologies/product-market-codes/T23020 606 $aBuilding Law$3https://scigraph.springernature.com/ontologies/product-market-codes/T23110 615 0$aBuildings?Design and construction. 615 0$aBuilding. 615 0$aConstruction. 615 0$aEngineering, Architectural. 615 0$aEngineering geology. 615 0$aEngineering?Geology. 615 0$aFoundations. 615 0$aHydraulics. 615 0$aBuilding laws. 615 14$aBuilding Construction and Design. 615 24$aGeoengineering, Foundations, Hydraulics. 615 24$aBuilding Law. 676 $a343.078624 676 $a620 676 $a624.15 676 $a690 702 $aCheung$b Sai On$4edt$4http://id.loc.gov/vocabulary/relators/edt 906 $aBOOK 912 $a9910299472503321 996 $aConstruction Dispute Research$92089177 997 $aUNINA